000
00235 a2200109 4500
001
38593
090
_c
24464
_d
24464
100
_a
Yadao K.L
245
_a
Fundamentals of Gas dynamics, 2/e
250
_a
2
260
_a
New Del
_b
Khanna Pub
_c
1988
942
_a
NUST-CAE
999
_c
273666
_d
273666